000 00834cam a2200277 i 4500
999 _c5823
_d5823
003 BD-JhCC
005 20180102165029.0
008 770830s1977 ilua b 001 0 eng
020 _a0528610201
035 _a(BD-JhCC)
040 _aDLC
_cDLC
_dDLC
_dBD-JhCC
041 _aeng
050 0 0 _aLB17
_b.O78
082 0 0 _a370/.973
_bORN 1984
100 1 _aOrnstein, Allan C.
245 1 3 _aAn introduction to the foundations of education /
_cAllan C. Ornstein. and Daniel U. Levine
250 _a3rd ed.
260 _aChicago :
_bRand McNally College Pub. Co.,
_cc1977.
300 _a594 p. :
_bill. ;
_c25 cm.
490 0 _aRand McNally education series
504 _aIncludes bibliographies and indexes.
650 0 _aTeaching
_xHandbooks, manuals, etc.
700 _aLevine, U. Daniel
942 _2ddc
_cBK